Selecione as Bandeiras Mundiais - Statistics

Estatísticas Gerais
  • Esse quiz foi jogado 10 677 vezes
  • A pontuação média é 80 de 125
Estatísticas das Respostas
Questão Bloco Select % Correto
de países com mais de 100 milhões de habitantes Sim
98%
de países com mais de 100 milhões de habitantes Não
98%
de países com mais de 100 milhões de habitantes Não
97%
de países com mais de 100 milhões de habitantes Sim
96%
de países com mais de 100 milhões de habitantes Não
96%
de países com mais de 100 milhões de habitantes Não
95%
de países com mais de 100 milhões de habitantes Não
94%
de países com mais de 100 milhões de habitantes Sim
91%
de países com mais de 100 milhões de habitantes Não
90%
de países com mais de 100 milhões de habitantes Não
89%
de países com 8 ou mais fronteiras terrestres Não
85%
de países com 8 ou mais fronteiras terrestres Não
85%
de países com 8 ou mais fronteiras terrestres Não
84%
de países com 8 ou mais fronteiras terrestres Não
84%
de países com 8 ou mais fronteiras terrestres Não
84%
de países com mais de 100 milhões de habitantes Não
83%
de países com mais de 100 milhões de habitantes Não
83%
de países com 8 ou mais fronteiras terrestres Não
83%
de países com 8 ou mais fronteiras terrestres Não
83%
de países com 8 ou mais fronteiras terrestres Não
83%
de países com 8 ou mais fronteiras terrestres Não
82%
de países com 8 ou mais fronteiras terrestres Não
82%
de países com mais de 100 milhões de habitantes Não
81%
de países com 8 ou mais fronteiras terrestres Não
81%
de países com 8 ou mais fronteiras terrestres Não
80%
de países com mais de 100 milhões de habitantes Não
79%
de países com 8 ou mais fronteiras terrestres Não
79%
de países com mais de 100 milhões de habitantes Sim
77%
de países com 8 ou mais fronteiras terrestres Não
77%
de países com território ao sul do equador (excluindo territórios dependentes) Não
77%
de países com mais de 100 milhões de habitantes Não
76%
de países com 8 ou mais fronteiras terrestres Sim
76%
de países com território ao sul do equador (excluindo territórios dependentes) Não
76%
de países com território ao sul do equador (excluindo territórios dependentes) Não
76%
de países com território ao sul do equador (excluindo territórios dependentes) Não
76%
de países com território ao sul do equador (excluindo territórios dependentes) Não
76%
de países com mais de 100 milhões de habitantes Não
75%
de países com 8 ou mais fronteiras terrestres Não
75%
de países que tocam o Atlântico (incluindo mares conectados) Não
75%
de países que tocam o Atlântico (incluindo mares conectados) Não
75%
de países com território ao sul do equador (excluindo territórios dependentes) Não
75%
de países com território ao sul do equador (excluindo territórios dependentes) Não
75%
de países com 8 ou mais fronteiras terrestres Não
74%
de países que tocam o Atlântico (incluindo mares conectados) Não
74%
de países que tocam o Atlântico (incluindo mares conectados) Não
74%
de países que tocam o Atlântico (incluindo mares conectados) Não
74%
de países com território ao sul do equador (excluindo territórios dependentes) Não
74%
de países com território ao sul do equador (excluindo territórios dependentes) Não
74%
de países com território ao sul do equador (excluindo territórios dependentes) Não
74%
de países com mais de 100 milhões de habitantes Não
73%
de países que tocam o Atlântico (incluindo mares conectados) Não
73%
de países com território ao sul do equador (excluindo territórios dependentes) Não
73%
de países insulares Não
72%
de países que tocam o Atlântico (incluindo mares conectados) Não
72%
de países com território ao sul do equador (excluindo territórios dependentes) Não
72%
de países com mais de 100 milhões de habitantes Sim
71%
de países insulares Não
71%
de países insulares Não
71%
de países insulares Não
71%
de países insulares Não
71%
de países insulares Não
71%
de países insulares Não
71%
de países insulares Não
71%
de países com território ao sul do equador (excluindo territórios dependentes) Não
71%
de países com território ao sul do equador (excluindo territórios dependentes) Não
71%
de países com mais de 100 milhões de habitantes Não
70%
de países insulares Não
70%
de países insulares Não
70%
de países insulares Não
70%
de países insulares Não
70%
de países insulares Não
70%
de países insulares Não
70%
de países insulares Não
70%
de países insulares Não
70%
de países insulares Não
69%
de países insulares Não
69%
de países que tocam o Atlântico (incluindo mares conectados) Sim
69%
de países com território ao sul do equador (excluindo territórios dependentes) Sim
68%
de países que tocam o Atlântico (incluindo mares conectados) Sim
67%
de países com 8 ou mais fronteiras terrestres Não
66%
de países com mais de 100 milhões de habitantes Não
64%
de países insulares Não
62%
de países com território ao sul do equador (excluindo territórios dependentes) Sim
62%
de países com 8 ou mais fronteiras terrestres Sim
61%
de países com território ao sul do equador (excluindo territórios dependentes) Não
61%
de países com território ao sul do equador (excluindo territórios dependentes) Não
58%
de países com mais de 100 milhões de habitantes Sim
57%
de países com 8 ou mais fronteiras terrestres Sim
56%
de países que tocam o Atlântico (incluindo mares conectados) Sim
56%
de países com mais de 100 milhões de habitantes Sim
55%
de países com 8 ou mais fronteiras terrestres Não
55%
de países que tocam o Atlântico (incluindo mares conectados) Sim
55%
de países com território ao sul do equador (excluindo territórios dependentes) Não
55%
de países com território ao sul do equador (excluindo territórios dependentes) Sim
52%
de países insulares Sim
51%
de países que tocam o Atlântico (incluindo mares conectados) Sim
50%
de países que tocam o Atlântico (incluindo mares conectados) Sim
49%
de países com território ao sul do equador (excluindo territórios dependentes) Sim
49%
de países insulares Sim
48%
de países insulares Sim
48%
de países insulares Sim
47%
de países que tocam o Atlântico (incluindo mares conectados) Sim
45%
de países insulares Sim
43%
de países que tocam o Atlântico (incluindo mares conectados) Sim
42%
de países que tocam o Atlântico (incluindo mares conectados) Sim
41%
de países que tocam o Atlântico (incluindo mares conectados) Sim
41%
de países com território ao sul do equador (excluindo territórios dependentes) Sim
40%
de países com 8 ou mais fronteiras terrestres Sim
38%
de países com mais de 100 milhões de habitantes Sim
36%
de países que tocam o Atlântico (incluindo mares conectados) Sim
35%
de países com 8 ou mais fronteiras terrestres Sim
31%
de países que tocam o Atlântico (incluindo mares conectados) Sim
31%
de países insulares Sim
30%
de países com território ao sul do equador (excluindo territórios dependentes) Sim
30%
de países com território ao sul do equador (excluindo territórios dependentes) Sim
30%
de países que tocam o Atlântico (incluindo mares conectados) Sim
25%
de países que tocam o Atlântico (incluindo mares conectados) Sim
23%
de países com mais de 100 milhões de habitantes Sim
21%
de países que tocam o Atlântico (incluindo mares conectados) Sim
20%
de países com 8 ou mais fronteiras terrestres Sim
17%
de países que tocam o Atlântico (incluindo mares conectados) Sim
16%
de países que tocam o Atlântico (incluindo mares conectados) Sim
14%
de países que tocam o Atlântico (incluindo mares conectados) Sim
13%
de países com 8 ou mais fronteiras terrestres Sim
12%
de países com território ao sul do equador (excluindo territórios dependentes) Sim
8%
Nenhum quiz correspondente encontrado
Distribuição das Pontuações
Porcentagem de Pessoas com Cada Pontuação
Percentil de Números Respondidos
Sua Pontuação Histórica
Você não jogou esse quiz